[Event "Euro Online U2300 Day 2"]
[Site "chess.com INT"]
[Date "2020.05.26"]
[Round "3"]
[White "Khachatryan, Veronika"]
[Black "Melnikov, Sergey"]
[Result "0-1"]
[WhiteElo "1869"]
[BlackElo "2039"]
[WhiteFideId "13310852"]
[BlackFideId "34141062"]
[EventDate "2020.05.26"]

1. d4 Nf6 2. Bf4 d5 3. e3 c6 4. Bd3 Qb6 5. b3 Bg4 6. Nf3 Nbd7 7. Nbd2 e6 8. O-O
Be7 9. c4 O-O 10. c5 Qd8 11. Qc2 Re8 12. b4 a6 13. a4 Nf8 14. h3 Bxf3 15. Nxf3
N6d7 16. b5 axb5 17. axb5 Bf6 18. bxc6 bxc6 19. Rfb1 e5 20. dxe5 Nxe5 21. Nxe5
Bxe5 22. Bxe5 Rxe5 23. Rxa8 Qxa8 24. Rb6 g6 25. Qb2 Re8 26. Ra6 Qc8 27. Qb6 Nd7
28. Qa5 Ne5 29. Be2 Qe6 30. Ra7 Rb8 31. Qc7 Rc8 32. Qb7 h5 33. Ba6 Rf8 34. Qe7
Rb8 35. Qxe6 fxe6 36. Re7 Rb1+ 37. Kh2 Nc4 38. Bxc4 dxc4 39. Rxe6 Kf7 40. Rxc6
c3 41. Rc7+ Ke6 42. c6 c2 43. Rg7 c1=Q 44. c7 Kf6 45. Rh7 Qc6 46. f3 Rc1 47. f4
Rc2 48. Rf7+ 0-1

[Event "Euro Online U2300 Day 2"]
[Site "chess.com INT"]
[Date "2020.05.26"]
[Round "3"]
[White "Karaoglan, Doruk"]
[Black "Pham, Khoi"]
[Result "1-0"]
[WhiteTitle "CM"]
[WhiteElo "2230"]
[BlackElo "2048"]
[WhiteFideId "6390927"]
[BlackFideId "1054988"]
[EventDate "2020.05.26"]

1. e4 c5 2. Nc3 Nc6 3. g3 g6 4. Bg2 Bg7 5. d3 d6 6. f4 Rb8 7. Nf3 b5 8. O-O b4
9. Ne2 Nf6 10. h3 a5 11. Rb1 a4 12. b3 O-O 13. g4 Nd7 14. Qe1 Nd4 15. Nexd4 cxd4
16. f5 Ne5 17. Qh4 Nxf3+ 18. Rxf3 d5 19. exd5 axb3 20. axb3 Bb7 21. Rf1 Bxd5 22.
Bxd5 Qxd5 23. fxg6 hxg6 24. Qxe7 Rfe8 25. Qg5 Re5 26. Qf4 Rc8 27. Qf2 Qe6 28.
Ra1 Re2 29. Qf3 Rcxc2 30. Ra8+ Kh7 31. Ra7 Qe5 32. Bf4 Qf6 33. Rc7 Rxc7 34. Qxe2
Re7 35. Qf2 Qe6 36. Ra1 Re8 37. Qc2 Bf6 38. Ra7 Kg7 39. Qf2 Qxb3 40. g5 Be7 41.
Qxd4+ Kg8 42. Rxe7 Qd1+ 43. Kf2 Qc2+ 44. Kg3 Rxe7 45. Qd8+ Kg7 46. Qxe7 Qxd3+
47. Be3 b3 48. Qf6+ Kg8 49. Kf2 Qc2+ 50. Kf3 b2 51. Qd8+ Kg7 52. Bd4+ Kh7 53.
Qh8# 1-0

[Event "Euro Online U2300 Day 2"]
[Site "chess.com INT"]
[Date "2020.05.26"]
[Round "3"]
[White "Mirimanian, Hayk"]
[Black "Ivanisvili, Andrejs"]
[Result "1-0"]
[WhiteTitle "FM"]
[WhiteElo "2268"]
[BlackElo "2233"]
[WhiteFideId "4700180"]
[BlackFideId "11601485"]
[EventDate "2020.05.26"]

1. e4 c6 2. d4 d5 3. f3 e6 4. Nc3 a6 5. Bf4 Bd6 6. e5 Be7 7. Qd2 c5 8. dxc5 Bxc5
9. O-O-O Nc6 10. Nh3 Nge7 11. Kb1 Ng6 12. Na4 Bb4 13. c3 Qa5 14. b3 Be7 15. Be3
Qc7 16. f4 O-O 17. Bb6 Qd7 18. Bd3 Bd8 19. Bc5 Nce7 20. Nb6 Bxb6 21. Bxb6 Qc6
22. Qf2 Qxc3 23. Ng5 a5 24. Bd4 Qb4 25. Bc5 Qc3 26. Bxe7 Re8 27. Bxg6 fxg6 28.
Qc5 Qxc5 29. Bxc5 a4 30. Kb2 Bd7 31. Nf3 b6 32. Bd6 b5 33. Nd4 Ra7 34. Rc1 Rea8
35. Rc7 a3+ 36. Kb1 Rxc7 37. Bxc7 Rc8 38. Bd6 Rc3 39. Bxa3 Rd3 40. Nf3 Re3 41.
Re1 Rc3 42. Bb4 Rc8 43. Rc1 Bc6 44. Nd4 Bd7 45. Rxc8+ Bxc8 46. Nxb5 Ba6 47. Nd4
Kf7 48. Kc2 g5 49. g3 h5 50. fxg5 Bc8 51. h4 Ke8 52. Bd6 Kd7 53. a4 Ba6 54. b4
Bc4 55. Kc3 Bf1 56. b5 Bg2 57. Kb4 Bf1 58. a5 Bd3 59. a6 Kc8 60. Nxe6 Bf5 61.
Nc5 d4 62. a7 Be4 63. Nxe4 Kb7 64. b6 d3 65. Nc5+ Ka8 66. b7+ 1-0

[Event "Euro Online U2300 Day 2"]
[Site "chess.com INT"]
[Date "2020.05.26"]
[Round "3"]
[White "Buksa, Nataliya"]
[Black "Manukyan, Sargis A."]
[Result "0-1"]
[WhiteTitle "IM"]
[BlackTitle "FM"]
[WhiteElo "2410"]
[BlackElo "2244"]
[WhiteFideId "14123622"]
[BlackFideId "13303970"]
[EventDate "2020.05.26"]

1. d4 d5 2. Nc3 Bf5 3. Bf4 Nf6 4. e3 c6 5. f3 e6 6. g4 Bg6 7. h4 h5 8. g5 Ng8 9.
Bd3 Ne7 10. Nge2 Bxd3 11. Qxd3 Ng6 12. Bg3 Bd6 13. O-O-O Na6 14. e4 Bxg3 15.
Nxg3 Qc7 16. Nge2 Nf4 17. Qe3 Nxe2+ 18. Nxe2 g6 19. Kb1 O-O-O 20. Nf4 e5 21.
dxe5 Qxe5 22. Nd3 Qb8 23. f4 dxe4 24. Qxe4 Rhe8 25. Ne5 Qc7 26. Qc4 Rxd1+ 27.
Rxd1 Re7 28. a3 Nb8 29. Qd4 b6 30. Nc4 Kb7 31. Ne5 Kc8 32. b3 b5 33. Qd6 Qxd6
34. Rxd6 Rc7 35. c4 bxc4 36. bxc4 c5 37. Rf6 Nd7 38. Rxf7 Nxe5 39. Rf8+ Kd7 40.
fxe5 Ke6 41. Rf6+ Kxe5 42. Rxg6 Kf5 43. Rd6 Kg4 44. Kc2 Kxh4 45. g6 Kg5 46. Kd3
h4 47. Ke3 Rg7 48. Kf2 Rxg6 49. Rd5+ Kf4 50. Rxc5 h3 51. Rh5 Rg2+ 52. Kf1 Kg4
53. Rh8 Ra2 54. Rg8+ Kf3 55. Rf8+ Ke4 56. Rh8 h2 57. c5 Kd5 58. Rh5+ Kc6 59. a4
a5 60. Rh6+ Kxc5 61. Rh4 h1=Q+ 62. Rxh1 Ra1+ 63. Kg2 Rxh1 64. Kxh1 Kb4 65. Kg2
Kxa4 66. Kf2 Kb3 67. Ke2 Kb2 68. Kd1 a4 69. Kd2 a3 0-1

[Event "Euro Online U2300 Day 2"]
[Site "chess.com INT"]
[Date "2020.05.26"]
[Round "3"]
[White "Korneevets, Alexander"]
[Black "Mostbauer, Florian"]
[Result "1/2-1/2"]
[WhiteTitle "IM"]
[BlackTitle "FM"]
[WhiteElo "2267"]
[BlackElo "2309"]
[WhiteFideId "13500180"]
[BlackFideId "1626671"]
[EventDate "2020.05.26"]

1. e4 c6 2. Nc3 d5 3. Nf3 Nf6 4. e5 Ne4 5. Ne2 Qb6 6. d4 e6 7. g3 c5 8. Bg2 Nc6
9. O-O Bd7 10. c3 Be7 11. dxc5 Bxc5 12. Ned4 Nxd4 13. cxd4 Be7 14. Be3 h6 15.
Qb3 Qxb3 16. axb3 Bb5 17. Rfc1 Kd7 18. Bf1 Bxf1 19. Kxf1 a6 20. Ke2 Ng5 21. Ne1
f6 22. h4 Nf7 23. f4 f5 24. h5 Rac8 25. Nd3 Rxc1 26. Rxc1 Rc8 27. Rc3 Rg8 28.
Kf3 g5 29. hxg6 Rxg6 30. Rc2 Rg8 31. Rc1 Rh8 32. Rh1 Rc8 33. Rc1 Rxc1 34. Bxc1
h5 35. Be3 Kc6 36. Bd2 Kb5 37. Be1 Nd8 38. Ke3 Nc6 39. Bc3 a5 40. Kd2 h4 41.
gxh4 Bxh4 42. Nc5 Nd8 43. Ke3 b6 44. Nd7 Be7 45. Kd3 Kc6 46. Nf6 Nf7 47. Nh5 Kd7
48. Be1 Nd8 49. Ng7 Bf8 50. Nh5 Nc6 51. Bh4 Nb4+ 52. Kc3 Nc6 53. Kd3 Nb4+ 54.
Kc3 Nc6 55. Kd3 1/2-1/2

[Event "Euro Online U2300 Day 2"]
[Site "chess.com INT"]
[Date "2020.05.26"]
[Round "3"]
[White "Alexakis, Dimitris"]
[Black "Erdogan, Anil Berk"]
[Result "1-0"]
[WhiteTitle "FM"]
[BlackTitle "CM"]
[WhiteElo "2450"]
[BlackElo "2155"]
[WhiteFideId "4277023"]
[BlackFideId "6348173"]
[EventDate "2020.05.26"]

1. e4 c5 2. Nf3 g6 3. c4 Nc6 4. d4 cxd4 5. Nxd4 Nf6 6. Nc3 d6 7. Be2 Nxd4 8.
Qxd4 Bg7 9. Bg5 O-O 10. Qd2 Qa5 11. f3 Be6 12. Rc1 Rfc8 13. Nd5 Qxd2+ 14. Kxd2
Kf8 15. b3 Nxd5 16. exd5 Bd7 17. Bd3 Bb2 18. Rce1 f6 19. Bh6+ Kf7 20. a4 a6 21.
a5 Rab8 22. Be3 Ba3 23. Kc3 Bc5 24. b4 Bxe3 25. Rxe3 Rc7 26. Rhe1 Bf5 27. Bf1 b5
28. axb6 Rxb6 29. g4 Bc8 30. Rb1 Rcb7 31. Re2 h5 32. h3 e6 33. dxe6+ Bxe6 34.
Rbe1 Bc8 35. Re8 Rc7 36. c5 dxc5 37. Bc4+ Kg7 38. R1e7+ Rxe7 39. Rxe7+ Kh6 40.
bxc5 Rb1 41. c6 hxg4 42. hxg4 Kg5 43. c7 Kf4 44. Re8 Bb7 45. Rb8 Bc8 46. Rxb1
Kxf3 47. Rf1+ Kxg4 48. Rxf6 g5 49. Rf8 Bd7 50. Rd8 Bf5 51. Bxa6 Kg3 52. Rf8 Bh3
53. Bb7 Kh2 54. Rf2+ Kg3 55. Rf3+ Kg4 56. Rxh3 Kxh3 57. c8=Q+ g4 58. Bf3 Kh2 59.
Bxg4 1-0

[Event "Euro Online U2300 Day 2"]
[Site "chess.com INT"]
[Date "2020.05.26"]
[Round "3"]
[White "Poghosyan, Suren"]
[Black "Shapiro, David"]
[Result "1-0"]
[WhiteTitle "FM"]
[BlackTitle "FM"]
[WhiteElo "2275"]
[BlackElo "2392"]
[WhiteFideId "13303201"]
[BlackFideId "24133523"]
[EventDate "2020.05.26"]

1. d4 d5 2. c4 e6 3. Nc3 Nf6 4. cxd5 exd5 5. Bg5 c6 6. e3 Qb6 7. Qc2 Ne4 8. Nf3
Nxg5 9. Nxg5 h6 10. Nf3 Bd6 11. Bd3 Bg4 12. O-O-O Na6 13. Bf5 Bxf5 14. Qxf5 O-O
15. g4 Qa5 16. g5 g6 17. Qb1 Bb4 18. Rd3 h5 19. Ne5 Bd6 20. f4 c5 21. Nd7 Rfc8
22. Nf6+ Kg7 23. Nfxd5 Nb4 24. dxc5 Nxd3+ 25. Qxd3 Qxc5 26. Nf6 Be7 27. Nd5 Bd8
28. Kb1 Ba5 29. Rc1 Rd8 30. e4 Rac8 31. Ne2 Qf2 32. Rd1 Rc5 33. a3 Rc6 34. Ka2
Bc7 35. Nd4 Rc5 36. Rd2 Qg1 37. Nb3 Rcxd5 38. exd5 Bxf4 39. Qc3+ Kg8 40. Re2
Qxg5 41. Qb4 Bb8 42. Qxb7 Qxd5 43. Re8+ Kg7 44. Qxd5 Rxd5 45. Rxb8 g5 46. Rb7 g4
47. Rxa7 h4 48. Ra4 Rg5 49. Nd2 g3 50. Rxh4 g2 51. Nf3 g1=Q 52. Nxg1 Rxg1 53. a4
Kg6 54. a5 1-0

[Event "Euro Online U2300 Day 2"]
[Site "chess.com INT"]
[Date "2020.05.26"]
[Round "3"]
[White "Giannoulakis, Lampros"]
[Black "Ohanyan, Emin"]
[Result "0-1"]
[WhiteTitle "FM"]
[BlackTitle "FM"]
[WhiteElo "2293"]
[BlackElo "2291"]
[WhiteFideId "4247019"]
[BlackFideId "13312022"]
[EventDate "2020.05.26"]

1. d4 Nf6 2. c4 c5 3. d5 b5 4. cxb5 a6 5. bxa6 g6 6. Nc3 Bg7 7. Nf3 O-O 8. e4 d6
9. Be2 Qa5 10. O-O Bxa6 11. a4 Nbd7 12. Bd2 Rfb8 13. Nb5 Qb6 14. Qc2 Ne8 15. Bc3
Nc7 16. Nxc7 Qxc7 17. Rfe1 Qb7 18. Bxa6 Rxa6 19. Nd2 Qa8 20. Bxg7 Kxg7 21. b3
Rb4 22. Qc3+ Kg8 23. Nc4 Nb6 24. Na3 Nd7 25. Nc2 Rb8 26. h3 Qb7 27. Ra3 Rb6 28.
Rb1 Qa6 29. a5 Rb5 30. Ne3 Rb4 31. f3 Ne5 32. Nc2 R4b5 33. b4 cxb4 34. Nxb4 Qa7+
35. Kh1 Rxa5 36. Rab3 Rab5 37. f4 Nd7 38. e5 Qc5 39. e6 fxe6 40. dxe6 Nf6 41.
Qe1 Qc4 42. g4 Ne4 43. g5 Nc5 44. R3b2 Qxf4 45. Nd3 Qf3+ 46. Kg1 Qxd3 47. Rxb5
Rxb5 48. Ra1 Qd4+ 49. Kh1 Qd5+ 50. Kg1 Nxe6 51. Qe2 Qxg5+ 0-1

[Event "Euro Online U2300 Day 2"]
[Site "chess.com INT"]
[Date "2020.05.26"]
[Round "3"]
[White "Gorodetzky, Matan"]
[Black "Roque, Gaetan"]
[Result "0-1"]
[WhiteTitle "FM"]
[WhiteElo "2284"]
[BlackElo "2128"]
[WhiteFideId "2813394"]
[BlackFideId "20666934"]
[EventDate "2020.05.26"]

1. e4 Nf6 2. e5 Nd5 3. d4 d6 4. Nf3 dxe5 5. dxe5 Nc6 6. Bb5 Bf5 7. Nd4 Bd7 8. e6
fxe6 9. Bxc6 bxc6 10. Qh5+ g6 11. Qe5 Rg8 12. Nxe6 Qc8 13. Nxf8 Rxf8 14. Bh6 Rf6
15. O-O Qa6 16. Nd2 O-O-O 17. c4 Rf5 18. Qd4 Nf6 19. Be3 Be6 20. Qc3 Ng4 21. b3
c5 22. h3 Nxe3 23. Qxe3 Qd6 24. Ne4 Qd4 25. Qxd4 cxd4 26. Rad1 Ra5 27. Rd2 Bf5
28. Re1 Re5 29. f3 c5 30. Kf2 Bxe4 31. Rxe4 Rxe4 32. fxe4 e5 33. Ke2 a5 34. Kd3
Rf8 35. a3 Kc7 36. Rb2 Rf1 37. b4 axb4 38. axb4 Re1 39. bxc5 Re3+ 40. Kd2 Rxe4
41. Ra2 Kc6 42. Ra7 Rf4 43. Rxh7 Rf2+ 44. Kd3 Rxg2 45. Re7 Rg3+ 46. Kd2 Re3 47.
Re6+ Kxc5 48. Rxg6 Kxc4 49. h4 Rh3 50. Rg4 Rh2+ 51. Ke1 Kd3 52. Rg3+ Ke4 53.
Rg4+ Kf3 54. Rg5 e4 55. h5 e3 56. Rf5+ Ke4 57. Rf8 Rxh5 58. Ke2 Rh2+ 59. Ke1 Kd3
60. Rf1 Ra2 0-1

[Event "Euro Online U2300 Day 2"]
[Site "chess.com INT"]
[Date "2020.05.26"]
[Round "3"]
[White "Berkovich, Mark A"]
[Black "Han, Yichen"]
[Result "0-1"]
[WhiteTitle "IM"]
[BlackTitle "FM"]
[WhiteElo "2326"]
[BlackElo "2307"]
[WhiteFideId "2801639"]
[BlackFideId "1054430"]
[EventDate "2020.05.26"]

1. Nf3 Nf6 2. d4 d5 3. g3 Bf5 4. Bg2 e6 5. O-O Be7 6. c4 c6 7. Nc3 Nbd7 8. Nh4
Bg4 9. h3 Bh5 10. g4 Bg6 11. Nxg6 hxg6 12. Qd3 Bd6 13. f4 Qe7 14. e4 dxe4 15.
Nxe4 Nxe4 16. Qxe4 O-O-O 17. Bd2 Kb8 18. Rae1 Ka8 19. b4 Bxb4 20. Rb1 Bxd2 21.
Rxb7 Rc8 22. Rfb1 Qd6 23. c5 Qd5 24. Qd3 Nxc5 25. Qxd2 Nxb7 26. Bxd5 cxd5 27.
Qb4 Rc7 28. Rb3 Rhc8 29. a4 Nd8 30. Kg2 Rb7 31. Qa3 Rxb3 32. Qxb3 Nc6 33. Qd3
Kb7 34. Kf3 a5 35. Ke3 Rh8 36. Kd2 Kc7 37. Kc3 Rb8 38. f5 gxf5 39. gxf5 exf5 40.
Qxf5 Rb3+ 41. Kd2 Rb4 42. Qxf7+ Kb6 43. Qxg7 Rxd4+ 44. Kc3 Rxa4 45. Qg1+ d4+ 46.
Kd3 Ra3+ 47. Ke4 Rxh3 48. Qb1+ Kc5 49. Qc1+ Rc3 50. Qg5+ Kb4 51. Qg8 Re3+ 52.
Kf4 a4 53. Qd5 Rc3 54. Qd6+ Kb3 55. Qd5+ Rc4 56. Qb5+ Nb4 57. Ke4 a3 58. Qh5 a2
59. Qd1+ Nc2 60. Qd3+ Rc3 0-1

[Event "Euro Online U2300 Day 2"]
[Site "chess.com INT"]
[Date "2020.05.26"]
[Round "3"]
[White "Rzayev, Askar Aliakbar"]
[Black "Bashirli, Nail"]
[Result "1/2-1/2"]
[BlackTitle "IM"]
[WhiteElo "2129"]
[BlackElo "2382"]
[WhiteFideId "13405039"]
[BlackFideId "13406809"]
[EventDate "2020.05.26"]

1. d4 Nf6 2. c4 e6 3. Nc3 Bb4 4. e3 O-O 5. Bd3 d5 6. cxd5 exd5 7. Ne2 Re8 8. O-O
c6 9. a3 Bf8 10. f3 c5 11. Kh1 Nc6 12. g4 cxd4 13. exd4 g6 14. Bg5 Bg7 15. Qd2
Qd6 16. Rae1 Be6 17. Bb5 a6 18. Bxc6 Qxc6 19. Nf4 Nd7 20. Rc1 Qd6 21. Bh4 Nb6
22. Bg3 Nc4 23. Qf2 Qd7 24. Nd3 b6 25. Ne5 Nxe5 26. Bxe5 f6 27. Bg3 Kf7 28. Rfe1
Rac8 29. Ne2 Rxc1 30. Rxc1 Rc8 31. Qe3 Rxc1+ 32. Qxc1 g5 33. Kg2 Qb5 34. Qc7+
Kg6 35. Qc2+ Kf7 36. Kf2 h6 37. h4 Bd7 38. h5 Qc6 39. Qg6+ Kf8 40. Nc3 Be6 41.
Qd3 b5 42. Qe3 Qd7 43. Ne2 f5 44. gxf5 Bxf5 45. Be5 Qe6 46. Bxg7+ Kxg7 47. Ng3
Qxe3+ 48. Kxe3 Kf6 49. Ne2 Be6 50. Ng3 Bf7 51. b4 Be6 52. Kf2 Bf5 53. Ke3 Be6
54. Kf2 Kf7 55. Ke3 Ke7 56. Kf2 Kd6 57. Ke3 Ke7 58. Kf2 Kf6 59. Ke3 Bf5 60. Kf2
Bd3 61. Ke3 Bc4 62. Kf2 Bd3 63. Ke3 Bf5 64. Kf2 Be6 65. Ke3 Bf5 1/2-1/2

[Event "Euro Online U2300 Day 2"]
[Site "chess.com INT"]
[Date "2020.05.26"]
[Round "3"]
[White "De Verdier, Michael"]
[Black "Krivenko, Sergey"]
[Result "1/2-1/2"]
[WhiteTitle "FM"]
[WhiteElo "2291"]
[BlackElo "2279"]
[WhiteFideId "1710516"]
[BlackFideId "24124753"]
[EventDate "2020.05.26"]

1. d4 Nf6 2. c4 e6 3. Nf3 b6 4. a3 Bb7 5. Nc3 g6 6. e3 Bg7 7. Be2 O-O 8. O-O d5
9. cxd5 Nxd5 10. Bd2 Nd7 11. Rc1 c5 12. Nxd5 Bxd5 13. Bc3 Qe7 14. b4 Rfd8 15.
dxc5 Bxc3 16. Rxc3 bxc5 17. b5 Nf6 18. Qc1 Ne4 19. Rc2 Qf6 20. Qa1 Rac8 21. Qxf6
Nxf6 22. Rfc1 Nd7 23. Nd2 Kf8 24. Kf1 Ke7 25. e4 Bb7 26. f3 f5 27. exf5 gxf5 28.
Nb3 Rc7 29. a4 Bd5 30. Bc4 Nb6 31. Bxd5 Nxd5 32. Rxc5 Rcd7 33. Na5 Nb4 34. Nc6+
Nxc6 35. Rxc6 Rd2 36. R1c2 Rd1+ 37. Kf2 Ra1 38. Ra6 Rd7 39. Re2 Rd6 40. Rxa7+
Kf6 41. a5 f4 42. g3 e5 43. Rxh7 Rdd1 44. Kg2 Rxa5 45. gxf4 exf4 46. Kh3 Rxb5
47. Rh6+ Kg7 48. Rh4 Rd4 49. Rg2+ Kf6 50. Kg4 Rg5+ 51. Kh3 Rxg2 52. Kxg2 Kg5 53.
Rg4+ Kf5 54. Rg8 Rd2+ 55. Kg1 Ra2 56. h4 Rb2 57. h5 Rb6 58. Rg4 Rh6 59. Rh4 Kg5
60. Rg4+ Kf5 61. Rh4 Kg5 62. Rg4+ Kf5 1/2-1/2

[Event "Euro Online U2300 Day 2"]
[Site "chess.com INT"]
[Date "2020.05.26"]
[Round "3"]
[White "Injac, Teodora"]
[Black "Kashtanov, Ruslan"]
[Result "0-1"]
[WhiteTitle "WIM"]
[BlackTitle "IM"]
[WhiteElo "2286"]
[BlackElo "2376"]
[WhiteFideId "932400"]
[BlackFideId "4124871"]
[EventDate "2020.05.26"]

1. d4 Nf6 2. Nf3 g6 3. Nbd2 Bg7 4. e4 d6 5. Bb5+ c6 6. Bd3 O-O 7. O-O Qc7 8. c3
e5 9. h3 Nh5 10. Re1 Nf4 11. Bf1 Ne6 12. dxe5 dxe5 13. Qc2 a5 14. a4 Na6 15. Nc4
Rd8 16. Be3 Nac5 17. Ng5 Bf8 18. b4 axb4 19. cxb4 Qe7 20. Nb6 Rb8 21. Nf3 Nd7
22. Rab1 Bg7 23. Red1 Nxb6 24. Bxb6 Rxd1 25. Qxd1 Bd7 26. a5 Be8 27. Bc4 f6 28.
Qb3 Bf7 29. Rd1 h6 30. Rd2 Bf8 31. Qc2 Qxb4 32. Rd7 Qa3 33. Kh2 Be7 34. Qd2 g5
35. Ne1 Kf8 36. Nf3 Qb4 37. Qd3 Nc5 38. Rd8+ Bxd8 39. Qd6+ Be7 40. Qxb8+ Kg7 41.
Bxf7 Kxf7 42. Bxc5 Bxc5 43. Qc7+ Be7 44. Qd7 Qxe4 45. Qxb7 Qf4+ 46. Kg1 e4 47.
Nd4 e3 48. Qxc6 exf2+ 49. Kf1 Qxd4 50. Qc7 Kf8 51. a6 Bc5 52. Qc8+ Ke7 53. Qb7+
Kd6 54. Qb8+ Kd5 55. Qd8+ Kc4 56. Qg8+ Kc3 0-1

[Event "Euro Online U2300 Day 2"]
[Site "chess.com INT"]
[Date "2020.05.26"]
[Round "3"]
[White "Sargissyan, Sargis"]
[Black "Bivol, Alina"]
[Result "0-1"]
[WhiteTitle "FM"]
[BlackTitle "WGM"]
[WhiteElo "2269"]
[BlackElo "2386"]
[WhiteFideId "13303210"]
[BlackFideId "4100123"]
[EventDate "2020.05.26"]

1. e4 e6 2. d4 d5 3. Nc3 Bb4 4. e5 c5 5. a3 Bxc3+ 6. bxc3 Qa5 7. Bd2 Qa4 8. Qg4
Kf8 9. Qd1 b6 10. Nf3 Ba6 11. dxc5 bxc5 12. Bxa6 Nxa6 13. O-O Ne7 14. Be3 h6 15.
Qd3 c4 16. Qd2 Kg8 17. Rfb1 Qc6 18. Nd4 Qd7 19. Rb5 Kh7 20. Rab1 Rab8 21. a4
Rhc8 22. Qc1 Rxb5 23. Nxb5 Nc5 24. Nd6 Rc7 25. Bxc5 Rxc5 26. Qa3 Rc7 27. f4 Nc8
28. Nxc8 Qxc8 29. Qb4 Kg6 30. g3 Qd7 31. Qb5 Qd8 32. Kf2 Rd7 33. Qb8 Qa5 34. Qb4
Qc7 35. Qb8 Qc5+ 36. Kg2 d4 37. Qa8 dxc3 38. Qe4+ f5 39. exf6+ Kxf6 40. Rb5 Qd4
41. Qxd4+ Rxd4 42. Rc5 Rd2+ 43. Kh3 Rxc2 44. Rxc4 Ra2 45. Rxc3 Rxa4 46. Kg4 g5
47. Rc6 gxf4 48. gxf4 a5 49. Ra6 Ke7 50. Kh5 Rxf4 51. Rxa5 Kf6 52. Ra8 e5 53.
Rf8+ Ke6 54. Rh8 Rf6 0-1

[Event "Euro Online U2300 Day 2"]
[Site "chess.com INT"]
[Date "2020.05.26"]
[Round "3"]
[White "Zubcu, Vlad-George"]
[Black "Tsaruk, Maksim"]
[Result "0-1"]
[BlackTitle "FM"]
[WhiteElo "2199"]
[BlackElo "2302"]
[WhiteFideId "1219715"]
[BlackFideId "13511173"]
[EventDate "2020.05.26"]

1. d4 Nf6 2. Bg5 e6 3. e4 h6 4. Bxf6 Qxf6 5. c3 b6 6. Nd2 Bb7 7. Bd3 Qe7 8. Ne2
d6 9. O-O Nd7 10. f4 g6 11. a4 a5 12. Qe1 Bg7 13. Qg3 c5 14. Rae1 O-O 15. h4 Nf6
16. f5 Nh5 17. Qf2 cxd4 18. g4 dxc3 19. bxc3 Nf6 20. g5 Ng4 21. f6 Nxf2 22. fxe7
Nxd3 23. exf8=Q+ Rxf8 24. Rb1 hxg5 25. hxg5 Nc5 26. Rxb6 Rd8 27. Nd4 Bxe4 28.
Nxe4 Nxe4 29. Nb5 d5 30. Ra6 Nxc3 31. Rxa5 d4 32. Ra7 Nxb5 33. axb5 d3 34. Ra2
Rd5 35. Kf2 Rf5+ 36. Kg2 Rxg5+ 37. Kh3 Rxb5 38. Ra8+ Bf8 39. Rd8 Rd5 40. Rxd5
exd5 41. Rd1 Bc5 42. Rxd3 d4 43. Kg4 Kg7 44. Rb3 f5+ 45. Kf3 Kf6 46. Rb5 Bd6 47.
Rb6 Ke6 48. Ke2 g5 49. Kd3 Kd5 50. Rb5+ Bc5 51. Rb8 g4 52. Rg8 Bd6 53. Rg5 Ke5
54. Rg6 Bc5 55. Rg8 Kf4 56. Rc8 Bb6 57. Rc6 Ba7 58. Ra6 Bb8 59. Kxd4 g3 60. Rg6
Kf3 61. Kd3 g2 62. Kd2 Bg3 0-1

[Event "Euro Online U2300 Day 2"]
[Site "chess.com INT"]
[Date "2020.05.26"]
[Round "3"]
[White "Khachatryan, Anna"]
[Black "Novikova, Galina"]
[Result "1-0"]
[WhiteTitle "WFM"]
[BlackTitle "WFM"]
[WhiteElo "2071"]
[BlackElo "2073"]
[WhiteFideId "13310780"]
[BlackFideId "4157095"]
[EventDate "2020.05.26"]

1. Nf3 d5 2. d4 Nc6 3. g3 Bf5 4. Bg2 Qd7 5. O-O Bh3 6. c4 Bxg2 7. Kxg2 e6 8. Nc3
Nf6 9. cxd5 exd5 10. Bg5 O-O-O 11. Ne5 Qe6 12. Nxc6 Qxc6 13. Rc1 Qd7 14. Qb3 a6
15. Na4 Kb8 16. Bf4 Bd6 17. Nc5 Qb5 18. Bxd6 Rxd6 19. Rc3 Qxb3 20. Rxb3 Rb6 21.
Rxb6 cxb6 22. Nd3 Rc8 23. Rc1 Ne4 24. Rxc8+ Kxc8 25. f3 Nd6 26. Nf4 Nb5 27. e3
Nc7 28. Kf2 Kd7 29. Ke2 Kc6 30. Kd3 b5 31. Nh3 h6 32. Nf4 g6 33. Nh3 Kd6 34. Nf2
h5 35. Nh3 Ne6 36. e4 b6 37. e5+ Kc6 38. f4 Ng7 39. Ng5 Nf5 40. Nxf7 b4 41. Nh8
Ne7 42. h3 a5 43. g4 hxg4 44. hxg4 a4 45. Nf7 Kd7 46. Nh6 Ke6 47. Ke3 a3 48. b3
Nc6 49. f5+ gxf5 50. gxf5+ Ke7 51. Ng4 Na5 52. Kd3 Nxb3 53. Nf6 Nc1+ 54. Kc2
Nxa2 55. Nxd5+ Kd7 56. f6 Kc6 57. f7 Kxd5 58. f8=Q Nc3 59. Qxb4 Ne2 60. Qb3+ 1-0

[Event "Euro Online U2300 Day 2"]
[Site "chess.com INT"]
[Date "2020.05.26"]
[Round "3"]
[White "Abbasov, Amil1"]
[Black "Ioannidis, Evgenios"]
[Result "0-1"]
[BlackTitle "IM"]
[WhiteElo "2172"]
[BlackElo "2401"]
[WhiteFideId "13402277"]
[BlackFideId "4229274"]
[EventDate "2020.05.26"]

1. e4 c5 2. Nf3 d6 3. Bb5+ Nd7 4. O-O a6 5. Bxd7+ Bxd7 6. d4 cxd4 7. Qxd4 Rc8 8.
c4 e5 9. Qd3 b5 10. Na3 Qb6 11. Be3 Qb7 12. c5 dxc5 13. Nxe5 Be6 14. f4 c4 15.
Qc2 Bd6 16. Bd4 f6 17. Nf3 Bxa3 18. bxa3 Ne7 19. f5 Bd7 20. e5 Bxf5 21. Qb2 fxe5
22. Bxe5 O-O 23. Bxg7 Rf7 24. Bd4 Bd3 25. Rfe1 Ng6 26. Ne5 Nxe5 27. Rxe5 Rcf8
28. Rg5+ Bg6 29. Qe2 Qd7 30. Qe5 Rf6 31. h4 Qe6 32. Qxe6+ Rxe6 33. h5 Rf5 34.
Rxf5 Bxf5 35. Kf2 Bg4 36. Rh1 Re2+ 37. Kg3 Be6 38. h6 Rxa2 39. Bc5 Kf7 40. Kh4
Rxg2 41. Kh5 Bg4+ 42. Kg5 Be2+ 43. Kf5 c3 44. Rg1 c2 45. Rc1 Bd1 46. Be3 Rg3 47.
Ke4 Kg6 48. Kd3 Kf5 49. Kd2 Ke4 50. Bc5 Rb3 51. Bb4 a5 52. Be7 b4 53. axb4 axb4
54. Bf8 Rd3+ 55. Ke1 b3 56. Bg7 Rd7 57. Ra1 Kd3 58. Bf6 Rd6 59. Bb2 Re6+ 60. Kf2
Rc6 61. Bc1 Kc3 62. Ke3 Re6+ 63. Kf4 Rxh6 64. Ra7 Rc6 65. Rb7 Be2 66. Ke3 Re6+
67. Kf2 Bc4 68. Kf3 Re1 69. Ba3 c1=Q 70. Bxc1 Rxc1 0-1

[Event "Euro Online U2300 Day 2"]
[Site "chess.com INT"]
[Date "2020.05.26"]
[Round "3"]
[White "Ranaldi, Lucas"]
[Black "Stan, Andrei-Mihaita"]
[Result "1-0"]
[WhiteTitle "FM"]
[WhiteElo "2353"]
[BlackElo "2044"]
[WhiteFideId "1519484"]
[BlackFideId "1232118"]
[EventDate "2020.05.26"]

1. c4 e5 2. g3 Nc6 3. Bg2 g6 4. Nc3 f5 5. d3 Bg7 6. Rb1 a5 7. e3 h6 8. Nge2 Nf6
9. O-O O-O 10. a3 d6 11. b4 g5 12. b5 Ne7 13. f4 Ng6 14. Qc2 Rb8 15. Bd2 Qe8 16.
Nd5 Nxd5 17. Bxd5+ Be6 18. Bxe6+ Qxe6 19. Bxa5 exf4 20. exf4 Qe3+ 21. Kg2 b6 22.
Bb4 Rbe8 23. Rbe1 Qe6 24. fxg5 hxg5 25. Nd4 Bxd4 26. Rxe6 Rxe6 27. Bc3 Bxc3 28.
Qxc3 f4 29. Qd2 Rfe8 30. Rf2 Re3 31. Qd1 Kg7 32. Qg4 Kf6 33. d4 Rxa3 34. h4 gxh4
35. Rxf4+ Nxf4+ 36. Qxf4+ Kg7 37. Qg5+ Kf7 38. Qh5+ Kf8 39. Qh8+ Kf7 40. Qxh4
Re2+ 41. Kh3 Ree3 42. Qh7+ Ke8 43. Qxc7 Rxg3+ 44. Kh4 Rh3+ 45. Kg4 Rag3+ 46. Kf4
Rf3+ 47. Ke4 Re3+ 48. Kd5 Rh5+ 49. Kc6 Re7 50. Qxb6 d5 51. Qb8+ Kf7 52. Qf4+ Ke8
53. c5 Re6+ 54. Kb7 Rh7+ 55. Kc8 Ree7 56. b6 Rhf7 57. Qd6 Kf8 58. Qxe7+ Rxe7 59.
b7 Re8+ 60. Kc7 Re7+ 61. Kb6 Re8 62. c6 Ke7 63. c7 Kd7 64. b8=Q 1-0